|
|
|
|
| LEADER |
00000nam a22000007a 4500 |
| 005 |
20210811120424.0 |
| 007 |
cr|||| |||| |
| 008 |
210811s2004 ca |||||s|||| 00||0 eng d |
| 020 |
|
|
|a 9781552212905
|
| 035 |
|
|
|a 34907
|
| 040 |
|
|
|a vLex
|
| 090 |
|
|
|c 11973
|d 11973
|
| 100 |
1 |
|
|a van Ert, Gib
|
| 245 |
1 |
0 |
|a International Human Rights Law
|h [Recurso electrn̤ico] /
|c Gib van Ert, Mark Freeman
|
| 256 |
|
|
|a Servicio en ln̕ea
|
| 260 |
|
|
|a Toronto:
|b Irwin Law Inc.,
|c 2004
|
| 300 |
|
|
|a 1 recurso electrn̤ico
|
| 506 |
1 |
|
|a Disponible solo en los productos indicados
|d vLex Global
|d vLex Global (Academic Edition, excluding Law Schools)
|d vLex Global (U.S. Academic Edition, Law Schools)
|d vLex Global (U.S. Academic Edition, excluding Law Schools)
|d vLex Global (Academic Edition, Law Schools)
|
| 650 |
0 |
4 |
|a Derecho Internacional
|z Canad̀
|
| 700 |
1 |
|
|a Freeman, Mark
|
| 740 |
0 |
|
|a vLex Libros (Servicio en ln̕ea)
|
| 856 |
4 |
0 |
|u https://app.vlex.com/#/sources/34907
|z Acceso restringido
|
| 942 |
|
|
|c BOOK
|
| 999 |
0 |
|
|a International right
|